| 000 | 01334cam a2200301 i 4500 | ||
|---|---|---|---|
| 003 | SA-RiAUC | ||
| 005 | 20241120064458.0 | ||
| 008 | 241119s2002____su g 000k0 ara c | ||
| 020 | _a9960905101 | ||
| 040 |
_aSA-JeALM _bara _cSA-RiAUC _erda |
||
| 050 | 4 | _b.L89 1994 | |
| 082 | 0 | 4 |
_a212 _qSA-RiAUC |
| 090 |
_a212 _bل و ي |
||
| 100 | 1 |
_aاللويحق، عبد الرحمن بن معلا، _d1384 هجري- _eمؤلف. |
|
| 245 | 1 | 0 |
_aقواعد في التعامل مع العلماء / _cتأليف عبد الرحمن بن معلا اللويحق ؛ تقديم عبد العزيز بن عبد الله بن باز. |
| 250 | _aالطبعة الأولى. | ||
| 264 | 1 |
_aالرياض : _bدار الوراق للنشر والتوزيع، _c1994 |
|
| 300 |
_a192 صفحة ؛ _c24 سم. |
||
| 336 |
_aنص _btxt _2rdacontent _3كتاب |
||
| 337 |
_aبدون وسيط _bn _2rdamedia |
||
| 338 |
_aمجلد _bnc _2rdacarrier |
||
| 490 | 0 | _aدراسات في مناهج العلم والعمل والدعوة | |
| 650 | 7 |
_aالأخلاق الإسلامية _2aucsh |
|
| 650 | 7 |
_aالآداب الإسلامية _2aucsh |
|
| 700 | 1 |
_aابن باز، عبد العزيز بن عبد الله بن عبد الرحمن، _d1332-1420 هجري _eمقدم. |
|
| 942 |
_2ddc _cBOOK _n0 |
||
| 949 |
_aSA-JeALM _d241119 _umohamedma123 _n1 |
||
| 999 |
_c2563 _d2563 |
||